000
00215nam a22000857a 4500
008
161108b xxu||||| |||| 00| 0 eng d
100
_9
1073
_a
Sood.R.
245
_a
Information Technology-IX
260
_a
New Delhi
_b
APC
_c
2011
999
_c
3730
_d
3730